000 01848cam a2200385 a 4500
003 OSt
005 20210211145521.0
008 051101t 2005ck rf 001 0 spa d
020 _a9583505323
040 _aCO-BoPUJ
_cCO-JMCR
041 0 _aspa
082 0 4 _a320.01 /
_bG182m
_223
100 1 _aGalvis Gaitán, Fernando Augusto
_eautor
_913342
245 1 0 _aManual de ciencia política /
_cFernando Augusto Galvis Gaitán
260 _aBogotá :
_bTemis,
_c2005
300 _axiv, 354 páginas
_c22 cm.
504 _abibliografía : páginas 343-354.
505 _aNegociaciones generales -- El poder -- El estado -- El sistema político -- El imperialismo -- La democracia -- La revolución -- Desarrollo y subdesarrollo político -- Las fuerzas políticas -- La dinámica política - Los regímenes políticos -- Relaciones internacionales -- Doctrinas políticas
590 _aEjemplar con dedicatoria y autografiado por el autor.
590 _aEjemplar con dedicatoria y autografiado por el autor.
650 2 4 _aFilosofía política
_vManuales
_913343
650 2 4 _aDoctrinas políticas
_vManuales
_913344
650 2 4 _aRelaciones internacionales
_vManuales
_913345
650 2 4 _aDesarrollo político
_vManuales
_913346
650 2 4 _aCiencia política
_913347
650 2 4 _aDemocracia
_vManuales
_913348
650 2 4 _aImperialismo
_vManuales
_913349
650 2 4 _aSistemas políticos
_vManuales
_913350
650 2 4 _aEstado
_vManuales
_913351
650 2 4 _aPoder político
_vManuales
_913352
650 2 4 _aPoder (Ciencias sociales)
_vManuales
_913353
856 4 0 _zPara consultar la tabla de contenido presione aquí.
_uhttp://www.javeriana.edu.co/biblos/Libros/manualcpolitica.pdf
856 4 0 _zPara consultar la tabla de contenido presione aquí.
_uhttp://www.javeriana.edu.co/biblos/Libros/manualcpolitica.pdf
942 _2ddc
_cBK
999 _c7167
_d7167